Vista normal
Vista MARC
- Borges, Jorge Luis,
Entrada Nombre personal
Número de registros utilizados en: 1
001 - NÚMERO DE CONTROL
- campo de control: 47
003 - IDENTIFICADOR DE NÚMERO DE CONTROL
- campo de control: AR-BaBMM
005 - FECHA Y HORA DE LA ÚLTIMA TRANSACCIÓN
- campo de control: 20221214182617.0
008 - ELEMENTOS DE DATO DE LONGITUD-FIJA
- campo de control de longitud fija: 221214|| aca||aabn | a|a d
040 ## - FUENTE DE CATALOGACIÓN
- Centro catalogador/agencia de origen: AR-BaBMM
100 1# - ENCABEZAMIENTO-NOMBRE DE PERSONA
- Nombre de persona: Borges, Jorge Luis,
- Fechas asociadas al nombre: 1899-1986


